000 00485nam a2200181 a 4500
001 1766824442057
003 YourLibrary
005 20251229124200.0
008 251227s2010##################000#0#eng##
020 _a9780521134484
082 0 4 _a205
_bLES
100 1 _aLesnick, Howard,
_eauthor.
245 1 0 _aReligion in Legal Thought and Practice :
260 _bCambridge University Press,
_c2010.
650 0 _aLaw.
942 _cENGLISH
040 _aYourLibrary
_beng
_cYourLibrary
999 _c605744
_d605744